[Event "chess.com SpeedChess Q1Sw"]
[Site "chess.com INT"]
[Date "2022.11.10"]
[Round "3"]
[White "Naroditsky, Daniel"]
[Black "Predke, Alexandr"]
[Result "0-1"]
[WhiteTitle "GM"]
[BlackTitle "GM"]
[WhiteElo "2617"]
[BlackElo "2684"]
[WhiteFideId "2026961"]
[BlackFideId "24107581"]
[EventDate "2022.11.10"]

1. e4 c5 2. Nf3 e6 3. b3 Nc6 4. Bb2 a6 5. g3 Nf6 6. e5 Ng4 7. Bg2 Be7 8. O-O f6
9. exf6 Bxf6 10. d4 O-O 11. Nc3 d5 12. dxc5 Qa5 13. Na4 Bxb2 14. Nxb2 Qxc5 15.
Nd3 Qc3 16. Ng5 Nf6 17. Nf4 Nd4 18. Ne2 Nxe2+ 19. Qxe2 e5 20. Rad1 e4 21. Qd2
Qxd2 22. Rxd2 h6 23. Nh3 g5 24. Kh1 Bxh3 25. Bxh3 g4 26. Bg2 Rac8 27. Re1 Rc3
28. Re3 Rfc8 29. Rxc3 Rxc3 30. Kg1 Kf7 31. Kf1 Ke6 32. Ke2 Ke5 33. Kd1 b5 34. a3
a5 35. Re2 d4 36. h3 h5 37. hxg4 hxg4 38. Kd2 a4 39. bxa4 bxa4 40. Re1 Rxa3 41.
Rb1 Nd5 42. Rb5 Ra1 43. Rb8 Nc3 44. Re8+ Kf6 0-1

[Event "chess.com SpeedChess Q1Sw"]
[Site "chess.com INT"]
[Date "2022.11.10"]
[Round "3"]
[White "Tan, Zhongyi"]
[Black "Ibarra Jerez, Jose Carlos"]
[Result "1-0"]
[WhiteTitle "GM"]
[BlackTitle "GM"]
[WhiteElo "2514"]
[BlackElo "2557"]
[WhiteFideId "8603642"]
[BlackFideId "2226332"]
[EventDate "2022.11.10"]

1. d4 Nf6 2. c4 d6 3. Nf3 g6 4. Nc3 Bf5 5. h3 Ne4 6. Qb3 Nxc3 7. Qxc3 Bg7 8. g3
Be4 9. Bg2 O-O 10. O-O d5 11. Rd1 Nc6 12. Be3 dxc4 13. Qxc4 Qd5 14. Rac1 Rad8
15. b3 h6 16. h4 Rd7 17. Qxd5 Rxd5 18. Ne5 Bxg2 19. Nxc6 bxc6 20. Kxg2 Rd6 21.
Bf4 Re6 22. e3 Rd8 23. Rc5 Rd5 24. Rdc1 g5 25. hxg5 hxg5 26. Bxc7 Rxc5 27. Rxc5
Bf6 28. Ra5 c5 29. d5 Re4 30. Kf3 Rb4 31. Rxa7 g4+ 32. Ke2 c4 33. Ra4 cxb3 34.
Rxb4 bxa2 35. Rxg4+ Kh7 36. Ra4 a1=R 37. Rxa1 Bxa1 38. Kf3 f5 39. Kf4 Kg6 40.
Be5 1-0

[Event "chess.com SpeedChess Q1Sw"]
[Site "chess.com INT"]
[Date "2022.11.10"]
[Round "3"]
[White "Hammer, Jon Ludvig"]
[Black "Bordi, Kevin"]
[Result "0-1"]
[WhiteTitle "GM"]
[WhiteElo "2625"]
[BlackElo "2288"]
[WhiteFideId "1503707"]
[BlackFideId "621862"]
[EventDate "2022.11.10"]

1. e4 d5 2. exd5 Qxd5 3. Nf3 Bg4 4. Be2 Nc6 5. h3 Bxf3 6. Bxf3 Qd7 7. O-O O-O-O
8. g3 h5 9. Bg2 h4 10. g4 f5 11. gxf5 g6 12. fxg6 Nf6 13. d4 Rg8 14. c3 Rxg6 15.
Qf3 e6 16. Kh1 Bd6 17. Nd2 Rdg8 18. Rg1 Qg7 19. Nc4 Nd5 20. Nxd6+ cxd6 21. Bd2
Rf8 22. Qe2 Rg8 23. Qe4 Nd8 24. c4 Nf6 25. Qf3 e5 26. dxe5 dxe5 27. Bc3 Nc6 28.
b4 Nh5 29. b5 Nd4 30. Bxd4 exd4 31. Qxh5 Rxg2 0-1

[Event "chess.com SpeedChess Q1Sw"]
[Site "chess.com INT"]
[Date "2022.11.10"]
[Round "3"]
[White "Nguyen Hong Nhung"]
[Black "Riehle, Marco"]
[Result "0-1"]
[WhiteTitle "WFM"]
[BlackTitle "FM"]
[WhiteElo "2003"]
[BlackElo "2355"]
[WhiteFideId "12412201"]
[BlackFideId "12904392"]
[EventDate "2022.11.10"]

1. e4 e5 2. Nf3 Nf6 3. Nxe5 Nxe4 4. d3 Nf6 5. d4 d6 6. Nf3 d5 7. Bd3 Bd6 8. O-O
O-O 9. h3 h6 10. c3 c5 11. dxc5 Bxc5 12. Bc2 Ne4 13. Nbd2 Bf5 14. Nb3 Bb6 15.
Nbd4 Bh7 16. Be3 Nc6 17. Bxe4 Bxe4 18. Nxc6 bxc6 19. Nd4 c5 20. Ne2 Re8 21. Ng3
Bg6 22. Qg4 Qf6 23. Rad1 Rad8 24. Nh5 Qf5 25. Nf4 d4 26. cxd4 cxd4 27. Bd2 Qxg4
28. hxg4 Bc2 29. Rc1 d3 30. Rfe1 Bd4 31. Rxe8+ Rxe8 32. Kf1 g5 33. Nd5 Re2 34.
Be3 Bxe3 35. Nxe3 d2 36. Rxc2 Re1# 0-1

[Event "chess.com SpeedChess Q1Sw"]
[Site "chess.com INT"]
[Date "2022.11.10"]
[Round "3"]
[White "Mamedyarov, Shakhriyar"]
[Black "Salem, A.R. Saleh"]
[Result "1/2-1/2"]
[WhiteTitle "GM"]
[BlackTitle "GM"]
[WhiteElo "2741"]
[BlackElo "2677"]
[WhiteFideId "13401319"]
[BlackFideId "9301348"]
[EventDate "2022.11.10"]

1. d4 Nf6 2. c4 g6 3. Nc3 Bg7 4. g3 O-O 5. Bg2 d6 6. Nf3 Nc6 7. O-O e5 8. h3
exd4 9. Nxd4 Nxd4 10. Qxd4 Be6 11. Qd3 Nd7 12. b3 Nc5 13. Qd2 c6 14. Bb2 a5 15.
Rad1 a4 16. b4 a3 17. Ba1 Nd7 18. Qxd6 Nb6 19. Qc5 Nd7 20. Qd6 Nb6 21. Qf4 Qb8
22. Qxb8 Rfxb8 23. c5 Na4 24. Rd3 Nb2 25. Rf3 Rd8 26. Nb1 Nc4 27. Bxg7 Kxg7 28.
Rc1 Ra4 29. Rb3 Rda8 30. Rcc3 Ne5 31. Rxa3 Bxa2 32. Rxa4 Rxa4 33. Nd2 Rxb4 34.
Ne4 Bc4 35. e3 Bd5 36. Nd2 Rb2 37. Bxd5 cxd5 38. Nf1 Nf3+ 39. Kg2 Ne1+ 40. Kg1
Nf3+ 41. Kg2 Ne1+ 42. Kg1 Nf3+ 1/2-1/2

[Event "chess.com SpeedChess Q1Sw"]
[Site "chess.com INT"]
[Date "2022.11.10"]
[Round "3"]
[White "Mamedov, Rauf"]
[Black "Sarana, Alexey"]
[Result "0-1"]
[WhiteTitle "GM"]
[BlackTitle "GM"]
[WhiteElo "2646"]
[BlackElo "2668"]
[WhiteFideId "13401653"]
[BlackFideId "24133795"]
[EventDate "2022.11.10"]

1. e4 c5 2. Nf3 d6 3. Nc3 Nf6 4. g3 g6 5. Bg2 Bg7 6. O-O O-O 7. d3 Nc6 8. Re1 e5
9. a3 Nd4 10. h3 h6 11. Nd2 Kh7 12. b4 b6 13. Bb2 Be6 14. Nd5 Rc8 15. c3 Nc6 16.
c4 Nd4 17. Bxd4 cxd4 18. a4 Nxd5 19. exd5 Bf5 20. Qb3 a5 21. c5 bxc5 22. b5 Ra8
23. Nc4 Qe7 24. Qc2 Rfb8 25. Qd2 Qd8 26. Rab1 h5 27. Red1 Bh6 28. Qe1 Bc8 29. b6
Ba6 30. Nxa5 Rxb6 31. Nc6 Qc7 32. Qe2 Re8 33. Qc2 f5 34. Rxb6 Qxb6 35. Rb1 Qc7
36. a5 e4 37. Rb6 exd3 38. Qa4 d2 39. Bf3 Be2 40. Bxe2 Rxe2 41. Kg2 Re1 42. a6
Qxb6 43. a7 d1=Q 44. Qxd1 Rxd1 45. a8=Q Qb1 0-1

[Event "chess.com SpeedChess Q1Sw"]
[Site "chess.com INT"]
[Date "2022.11.10"]
[Round "3"]
[White "Firat, Burak"]
[Black "Kopylov, Alexander A."]
[Result "1/2-1/2"]
[WhiteTitle "GM"]
[BlackTitle "IM"]
[WhiteElo "2460"]
[BlackElo "2397"]
[WhiteFideId "6305881"]
[BlackFideId "4164857"]
[EventDate "2022.11.10"]

1. e4 c6 2. Nf3 g6 3. d4 Bg7 4. Bd3 d6 5. O-O Nf6 6. Re1 O-O 7. c3 Nbd7 8. h3 e5
9. Be3 Re8 10. Nbd2 d5 11. dxe5 Nxe4 12. Nxe4 dxe4 13. Bxe4 Nxe5 14. Nxe5 Bxe5
15. Qxd8 Rxd8 16. Bg5 f6 17. Bc2 Bf5 18. Bxf5 gxf5 19. f4 Bxc3 20. bxc3 fxg5 21.
Re7 gxf4 22. Rf1 Rf8 23. Rxb7 Rf7 24. Rb4 Rd8 25. Rbxf4 Rd2 26. g4 Rxa2 27. Rxf5
Rxf5 28. Rxf5 a5 29. Rc5 a4 30. Rxc6 a3 31. Ra6 Kf7 32. h4 Ke7 33. g5 Kd7 34. h5
Ke7 35. c4 Rc2 36. Rxa3 Rxc4 37. Ra7+ Ke6 38. Rxh7 Rg4+ 39. Kh2 Rxg5 40. Kh3 Kf6
41. Kh4 Rg1 42. Rh6+ Kg7 43. Ra6 Kh7 44. Ra7+ Kh6 45. Ra6+ Kh7 46. Ra7+ Kh6 47.
Ra6+ Kh7 1/2-1/2

[Event "chess.com SpeedChess Q1Sw"]
[Site "chess.com INT"]
[Date "2022.11.10"]
[Round "3"]
[White "Arencibia Monduy, Antonio"]
[Black "Mikhailov, Viacheslav"]
[Result "0-1"]
[WhiteTitle "CM"]
[BlackTitle "IM"]
[WhiteElo "2100"]
[BlackElo "2428"]
[WhiteFideId "3507939"]
[BlackFideId "4187369"]
[EventDate "2022.11.10"]

1. e4 d6 2. d4 Nf6 3. Nc3 g6 4. Nf3 Bg7 5. h3 O-O 6. Be3 c6 7. Qd2 b5 8. a3 a5
9. Bh6 Ba6 10. Bxg7 Kxg7 11. Bd3 b4 12. Ne2 Bxd3 13. Qxd3 Nbd7 14. O-O Qb6 15.
e5 Nd5 16. c4 bxc3 17. bxc3 dxe5 18. c4 Nf4 19. Nxf4 exf4 20. Qe4 Nf6 21. Qxe7
Rad8 22. Rab1 Qa6 23. Rfc1 Rfe8 24. Qc7 Rd7 25. Qxf4 Re4 26. Qd2 Nh5 27. Qc3 Nf4
28. d5+ f6 29. Qc2 cxd5 30. c5 Ne2+ 31. Kh1 Nxc1 32. Qxc1 Qc4 33. Qd2 Qxc5 34.
Qb2 d4 35. Rc1 Qd5 36. Qb6 d3 37. Rd1 Re2 38. Kg1 a4 39. Qb4 Qb3 0-1

[Event "chess.com SpeedChess Q1Sw"]
[Site "chess.com INT"]
[Date "2022.11.10"]
[Round "3"]
[White "Le, Tuan Minh"]
[Black "Bortnyk, Olexandr"]
[Result "1-0"]
[WhiteTitle "IM"]
[BlackTitle "GM"]
[WhiteElo "2542"]
[BlackElo "2604"]
[WhiteFideId "12401153"]
[BlackFideId "14120828"]
[EventDate "2022.11.10"]

1. d4 Nf6 2. Nf3 g6 3. Bg5 Ne4 4. Bf4 Bg7 5. Nbd2 d5 6. e3 Nxd2 7. Qxd2 c5 8. c3
cxd4 9. exd4 h6 10. Bd3 Nc6 11. O-O Bg4 12. Qe3 Bxf3 13. Qxf3 e6 14. Rfe1 O-O
15. Re2 a6 16. Rae1 b5 17. a3 Rc8 18. Qh3 h5 19. Rxe6 Qd7 20. Rd6 Qxh3 21. gxh3
Rfd8 22. a4 Rxd6 23. Bxd6 Bf8 24. Bxf8 Kxf8 25. axb5 axb5 26. Bxb5 Ne7 27. Bf1
Nf5 28. Bg2 Ne7 29. Ra1 Rb8 30. Ra2 Kg7 31. Kf1 Kf6 32. Ke2 Ke6 33. Kd3 h4 34.
b4 g5 35. Ra6+ Kf5 36. Ra7 Ke6 37. Ra6+ Kf5 38. Ra5 Ke6 39. b5 f5 40. c4 dxc4+
41. Kxc4 Rc8+ 42. Kb3 Rc1 43. Ra2 Rg1 44. Ba8 g4 45. hxg4 fxg4 46. b6 g3 47.
hxg3 hxg3 48. b7 gxf2 49. Rxf2 Rb1+ 50. Rb2 Rxb2+ 51. Kxb2 Nc6 52. d5+ Kd6 53.
dxc6 Kc7 54. Kc3 Kb8 55. Kd4 Kc7 56. Kc5 1-0

[Event "chess.com SpeedChess Q1Sw"]
[Site "chess.com INT"]
[Date "2022.11.10"]
[Round "3"]
[White "Lopez Martinez, Josep Manuel"]
[Black "Lee, Addison"]
[Result "1-0"]
[WhiteTitle "GM"]
[WhiteElo "2493"]
[BlackElo "2079"]
[WhiteFideId "2212943"]
[BlackFideId "30924570"]
[EventDate "2022.11.10"]

1. e4 c5 2. Nf3 d6 3. d4 cxd4 4. Nxd4 Nf6 5. Nc3 g6 6. f3 Bg7 7. Be3 O-O 8. g4
Nc6 9. Qd2 Bd7 10. O-O-O Rc8 11. h4 Nxd4 12. Bxd4 Qa5 13. Kb1 Be6 14. a3 a6 15.
g5 Nh5 16. Nd5 Qd8 17. Bxg7 Nxg7 18. Nf4 Qb6 19. h5 Qc5 20. hxg6 hxg6 21. Qh2
Nh5 22. Nxh5 gxh5 23. Bd3 Kg7 24. f4 Bg4 25. Rdf1 b5 26. f5 f6 27. gxf6+ exf6
28. Rfg1 Rh8 29. Qh4 Kf7 30. Qe1 Rcg8 31. Qa5 Ra8 32. b4 Qc6 33. Rc1 Bf3 34.
Rhe1 Rhe8 35. c4 Bxe4 36. Rxe4 Rxe4 37. cxb5 Qe8 38. Qc7+ Qe7 39. Bxe4 1-0

[Event "chess.com SpeedChess Q1Sw"]
[Site "chess.com INT"]
[Date "2022.11.10"]
[Round "3"]
[White "Sjugirov, Sanan"]
[Black "Svane, Rasmus"]
[Result "0-1"]
[WhiteTitle "GM"]
[BlackTitle "GM"]
[WhiteElo "2712"]
[BlackElo "2619"]
[WhiteFideId "4189302"]
[BlackFideId "4657101"]
[EventDate "2022.11.10"]

1. e4 c6 2. d4 d5 3. e5 Bf5 4. h4 h5 5. Bd3 Bxd3 6. Qxd3 Qa5+ 7. c3 e6 8. Bg5 c5
9. Nf3 Qa6 10. Qxa6 Nxa6 11. Ke2 Ne7 12. Nbd2 Nc6 13. a3 c4 14. Nf1 Nc7 15. Ne3
Kd7 16. g4 Be7 17. Bxe7 Nxe7 18. Rag1 g6 19. Ng5 Raf8 20. f3 Ke8 21. Nf1 Rh6 22.
gxh5 Rxh5 23. Ng3 Rh6 24. h5 Rfh8 25. hxg6 Nxg6 26. Ke3 Rh2 27. Rxh2 Rxh2 28.
Rh1 Rxb2 29. Rh7 Nb5 30. Nh5 Kd7 31. Nf6+ Kc7 32. Nxf7 Nxc3 33. f4 Nd1+ 34. Kf3
c3 35. Ng5+ Kb6 36. Nxe6 c2 37. Rc7 Nf8 0-1

[Event "chess.com SpeedChess Q1Sw"]
[Site "chess.com INT"]
[Date "2022.11.10"]
[Round "3"]
[White "Aaditya, Dhingra"]
[Black "Stribuk, Artiom"]
[Result "1-0"]
[WhiteTitle "CM"]
[BlackTitle "FM"]
[WhiteElo "2172"]
[BlackElo "2312"]
[WhiteFideId "25678191"]
[BlackFideId "13515659"]
[EventDate "2022.11.10"]

1. d4 Nf6 2. Nf3 g6 3. e3 Bg7 4. b3 O-O 5. Bb2 d6 6. Be2 Nbd7 7. c4 Re8 8. O-O
c6 9. Nc3 e5 10. b4 e4 11. Nd2 Nf8 12. b5 h5 13. a4 N8h7 14. a5 a6 15. d5 c5 16.
Nb3 Ng5 17. Na4 Bf5 18. Nb6 Rb8 19. Rb1 h4 20. Kh1 Qe7 21. h3 Nd7 22. Nxd7 Qxd7
23. Bxg7 Bxh3 24. Nd2 Kxg7 25. gxh3 Qxh3+ 26. Kg1 Re5 27. Bg4 Nf3+ 28. Qxf3 Qxf3
29. Nxf3 exf3 30. Bxf3 Ra8 31. bxa6 Rxa6 32. Rb5 Re8 33. Ra1 Rea8 34. Rxb7 Rxa5
35. Rxa5 Rxa5 36. Rb6 Ra4 37. Rxd6 Rxc4 38. Rc6 Rc2 39. d6 Kf6 40. Bd5 Rd2 41.
e4 g5 42. Rc8 g4 43. d7 Rd1+ 44. Kh2 g3+ 45. fxg3 1-0

[Event "chess.com SpeedChess Q1Sw"]
[Site "chess.com INT"]
[Date "2022.11.10"]
[Round "3"]
[White "Kravtsiv, Martyn"]
[Black "Terry, Renato"]
[Result "0-1"]
[WhiteTitle "GM"]
[BlackTitle "IM"]
[WhiteElo "2598"]
[BlackElo "2516"]
[WhiteFideId "14113147"]
[BlackFideId "3803457"]
[EventDate "2022.11.10"]

1. e4 e6 2. d4 d5 3. e5 c5 4. c3 Qb6 5. Nf3 Bd7 6. Be2 cxd4 7. cxd4 Bb5 8. O-O
Bxe2 9. Qxe2 Nc6 10. Nc3 Nge7 11. Rd1 Nf5 12. Na4 Qa5 13. b3 Be7 14. Bd2 Qd8 15.
Qd3 O-O 16. a3 Rc8 17. b4 b6 18. Rac1 Qd7 19. Nc3 h6 20. h3 f6 21. exf6 Bxf6 22.
Ne2 Nd6 23. b5 Ne7 24. Bb4 Nc4 25. Nf4 Nb2 26. Qe2 Nxd1 27. Rxd1 Rfe8 28. g4 Rc4
29. Re1 Nc8 30. Nxe6 Nd6 31. Kg2 Nf7 32. Nc5 Rxe2 33. Nxd7 Rxe1 34. Nxf6+ gxf6
35. Bxe1 Nd6 36. Nh4 Kh7 37. Bb4 Nxb5 38. Nf5 Nxd4 39. Nd6 Rc2 40. Ne8 Kg6 41.
h4 h5 42. Kg3 Ne2+ 43. Kf3 hxg4+ 44. Kxg4 Rc4+ 45. Kf3 Nd4+ 46. Kg3 Nf5+ 47. Kg2
Nxh4+ 48. Kf1 Nf5 49. Ke2 Re4+ 0-1

[Event "chess.com SpeedChess Q1Sw"]
[Site "chess.com INT"]
[Date "2022.11.10"]
[Round "3"]
[White "Kazakov, Mikhail"]
[Black "Goltsev, Dmitry"]
[Result "1-0"]
[WhiteTitle "GM"]
[BlackTitle "FM"]
[WhiteElo "2513"]
[BlackElo "2232"]
[WhiteFideId "14102749"]
[BlackFideId "24176710"]
[EventDate "2022.11.10"]

1. d4 Nf6 2. c4 e6 3. Nf3 d5 4. Nc3 Bb4 5. Bg5 dxc4 6. e4 h6 7. Bxf6 Qxf6 8.
Bxc4 O-O 9. O-O Nc6 10. e5 Qe7 11. Qd3 Rd8 12. Rad1 a6 13. a3 Ba5 14. Ba2 Bb6
15. Bb1 g6 16. Qe4 Na5 17. h4 Bd7 18. h5 Bc6 19. Qg4 g5 20. Ne4 Kg7 21. Nfxg5
hxg5 22. Nf6 Rh8 23. Qxg5+ Kf8 24. h6 Qd8 25. d5 Bxd5 26. Qg7+ Ke7 27. Nxd5+
Qxd5 28. Qf6+ Kd7 29. Rxd5+ exd5 30. Qxf7+ Kc6 31. h7 Rae8 32. e6 Nc4 33. Qf6
Nd6 34. Rc1+ Kb5 35. Bd3+ Ka4 36. Qc3 c5 37. Qc2+ Ka5 38. b3 Ba7 39. b4+ cxb4
40. axb4+ Kb6 41. Qc5# 1-0

[Event "chess.com SpeedChess Q1Sw"]
[Site "chess.com INT"]
[Date "2022.11.10"]
[Round "3"]
[White "Suder, Jakub"]
[Black "Durarbayli, Vasif"]
[Result "1-0"]
[WhiteTitle "FM"]
[BlackTitle "GM"]
[WhiteElo "2244"]
[BlackElo "2612"]
[WhiteFideId "1195310"]
[BlackFideId "13402935"]
[EventDate "2022.11.10"]

1. d4 d5 2. c4 c6 3. cxd5 cxd5 4. Bg5 Qb6 5. Nc3 e6 6. Qd2 Nc6 7. e3 h6 8. Bh4
Bd7 9. Bd3 Rc8 10. Rc1 Na5 11. Nf3 Bd6 12. O-O Ne7 13. Qe2 O-O 14. Bxe7 Bxe7 15.
Ne5 Qd8 16. Qg4 Bf6 17. f4 Nc6 18. Qh5 Ne7 19. Nxd7 Qxd7 20. g4 Rfd8 21. g5 g6
22. Qh4 Bg7 23. gxh6 Bh8 24. h7+ Kf8 25. Qh6+ Ke8 26. h4 Nf5 27. Bxf5 exf5 28.
h5 Rc6 29. Kf2 Qe7 30. Rh1 Re6 31. Rh3 b6 32. Rg1 a6 33. hxg6 fxg6 34. Rxg6 Rdd6
35. Rxe6 Rxe6 36. Qh5+ Qf7 37. Qxf7+ Kxf7 38. Nxd5 Rc6 39. Nc3 b5 40. a3 Kg6 41.
Ke2 a5 42. Kd3 b4 43. axb4 axb4 44. Nd5 Rc1 45. Nxb4 1-0

[Event "chess.com SpeedChess Q1Sw"]
[Site "chess.com INT"]
[Date "2022.11.10"]
[Round "3"]
[White "Goltseva, Ekaterina"]
[Black "Krzyzanowski, Marcin"]
[Result "1-0"]
[WhiteTitle "FM"]
[BlackTitle "GM"]
[WhiteElo "2265"]
[BlackElo "2538"]
[WhiteFideId "24173770"]
[BlackFideId "1132199"]
[EventDate "2022.11.10"]

1. d4 d5 2. c4 e6 3. Nf3 Nf6 4. Nc3 c6 5. e3 Nbd7 6. Qc2 Bd6 7. Bd3 dxc4 8. Bxc4
O-O 9. O-O b5 10. Be2 Bb7 11. Rd1 Qe7 12. e4 e5 13. a3 Rfe8 14. Bg5 h6 15. Bh4
Rad8 16. d5 g5 17. dxc6 Bxc6 18. Bg3 Rc8 19. Qd2 Bb8 20. Bd3 Nc5 21. Qe2 Nxd3
22. Rxd3 a5 23. Nd5 Bxd5 24. exd5 e4 25. Re3 Bxg3 26. hxg3 exf3 27. Qxf3 Qd6 28.
Rae1 Rxe3 29. Rxe3 Nxd5 30. Rd3 Rd8 31. Qd1 b4 32. axb4 axb4 33. b3 Qe5 34. Qd2
Rd7 35. Rd4 Kg7 36. Kh2 Qe6 37. Qb2 Nf6 38. Rxb4 Kg6 39. f3 1-0

[Event "chess.com SpeedChess Q1Sw"]
[Site "chess.com INT"]
[Date "2022.11.10"]
[Round "3"]
[White "Jodorcovsky Werjivker, Paulo"]
[Black "Paszewski, Mateusz"]
[Result "0-1"]
[WhiteTitle "CM"]
[BlackTitle "FM"]
[WhiteElo "2220"]
[BlackElo "2282"]
[WhiteFideId "3700305"]
[BlackFideId "1141058"]
[EventDate "2022.11.10"]

1. e4 c6 2. d4 d5 3. exd5 cxd5 4. Bd3 Nf6 5. c3 Bg4 6. Qb3 Qc7 7. f3 Bh5 8. Ne2
Nc6 9. Bf4 Qd7 10. O-O e6 11. Nd2 Bg6 12. Bxg6 hxg6 13. Ng3 Bd6 14. Bxd6 Qxd6
15. f4 O-O-O 16. Rf3 Rh4 17. Ne2 Rdh8 18. h3 Kb8 19. Raf1 Ne7 20. Nc1 Ne4 21.
Qc2 Nxd2 22. Qxd2 Nf5 23. Nd3 Qc7 24. Ne5 Nd6 25. Qc2 R4h6 26. Ng4 Rh5 27. Ne5
Nf5 28. Qb3 R5h6 29. a4 f6 30. Nd3 g5 31. fxg5 fxg5 32. Nc5 Qc6 33. Nxe6 Qxe6
34. Rxf5 Qe3+ 35. R1f2 a6 36. Qb6 Rxb6 37. Rf3 Qe1+ 38. Kh2 Qe8 39. Kg1 Re6 40.
Kh2 g4 41. Rf5 gxh3 42. g3 Re2 0-1

[Event "chess.com SpeedChess Q1Sw"]
[Site "chess.com INT"]
[Date "2022.11.10"]
[Round "3"]
[White "Gholami Orimi, Mahdi"]
[Black "Namitbir, Singh Walia"]
[Result "0-1"]
[WhiteTitle "IM"]
[BlackTitle "FM"]
[WhiteElo "2419"]
[BlackElo "2339"]
[WhiteFideId "12558486"]
[BlackFideId "35071068"]
[EventDate "2022.11.10"]

1. d4 Nf6 2. c4 c5 3. d5 e6 4. Nc3 exd5 5. cxd5 d6 6. Nf3 g6 7. e4 Bg7 8. Be2
O-O 9. O-O Bg4 10. Nd2 Bxe2 11. Qxe2 Re8 12. Qd3 Na6 13. f4 Nc7 14. h3 a6 15. a4
b6 16. Ra3 Rb8 17. Rb3 Qd7 18. Qf3 b5 19. axb5 axb5 20. Nd1 Na6 21. Ra3 Nb4 22.
Nf2 Nc2 23. Ra6 Nd4 24. Qd3 Ra8 25. Rxa8 Rxa8 26. Nf3 Nh5 27. Ng4 Ng3 28. Re1
Ra1 29. Nxd4 Bxd4+ 30. Kh2 Nh5 31. Qf3 Nf6 32. e5 Nxg4+ 33. hxg4 dxe5 34. fxe5
Bxe5+ 35. Rxe5 Rxc1 36. Qf6 h6 37. Re7 Rf1 38. Qe5 f6 39. Qe4 Qd6+ 40. g3 Rf2+
41. Kh3 h5 42. Re8+ Kf7 43. Re6 hxg4+ 44. Kh4 Qd8 45. Kxg4 f5+ 46. Kh3 fxe4 47.
Rxe4 Qxd5 48. Rg4 Qh5+ 0-1

[Event "chess.com SpeedChess Q1Sw"]
[Site "chess.com INT"]
[Date "2022.11.10"]
[Round "3"]
[White "Czerw, Dawid"]
[Black "Shimanov, Aleksandr"]
[Result "0-1"]
[WhiteTitle "FM"]
[BlackTitle "GM"]
[WhiteElo "2373"]
[BlackElo "2581"]
[WhiteFideId "1145746"]
[BlackFideId "4198603"]
[EventDate "2022.11.10"]

1. d4 Nf6 2. c4 g6 3. Nc3 Bg7 4. e4 d6 5. Nf3 O-O 6. Be2 e5 7. O-O h6 8. Be3 Ng4
9. Bc1 Nf6 10. Be3 Nbd7 11. d5 Ng4 12. Bc1 f5 13. Ne1 Ngf6 14. f3 f4 15. Nd3 g5
16. Bd2 h5 17. b4 Rf7 18. c5 Bf8 19. Be1 Rg7 20. c6 bxc6 21. dxc6 Nb6 22. Nxe5
Qe8 23. Nc4 Qxc6 24. Na5 Qe8 25. Nd5 Nfxd5 26. exd5 Re7 27. Bd3 Bd7 28. Bc3 Bg7
29. Bxg7 Kxg7 30. Rc1 Rc8 31. Be4 Qf7 32. Re1 Qf6 33. Qd3 g4 34. Nb3 g3 35. h3
Re5 36. Re2 a6 37. Qxa6 Nxd5 38. Bxd5 Rxd5 39. Qc4 Re5 40. Rce1 Be6 41. Qc3 Rxe2
42. Qxf6+ Kxf6 43. Rxe2 Bxb3 44. axb3 d5 45. Rc2 Ke5 46. Kf1 Rb8 47. Rxc7 Rxb4
48. Ke2 Rxb3 49. Re7+ Kd4 50. Rf7 Rb2+ 51. Kd1 Ke3 52. Re7+ Kf2 53. Rf7 Kxg2 54.
Rxf4 Kf2 0-1

[Event "chess.com SpeedChess Q1Sw"]
[Site "chess.com INT"]
[Date "2022.11.10"]
[Round "3"]
[White "Gabrielian, Artur"]
[Black "Czernikowska, Laura"]
[Result "1-0"]
[WhiteTitle "GM"]
[BlackTitle "WCM"]
[WhiteElo "2460"]
[BlackElo "1559"]
[WhiteFideId "4131002"]
[BlackFideId "21805970"]
[EventDate "2022.11.10"]

1. e4 e6 2. d4 d5 3. Nc3 dxe4 4. Nxe4 Nf6 5. Nxf6+ gxf6 6. g3 Nc6 7. c3 b6 8.
Bg2 Bb7 9. Ne2 Qd7 10. O-O O-O-O 11. a4 a5 12. Be3 h5 13. h4 Bd6 14. Nf4 f5 15.
d5 Ne7 16. dxe6 fxe6 17. Bxb7+ Kxb7 18. Qf3+ Ka7 19. b4 Bxf4 20. Bxf4 Qd5 21.
Qe3 Ng6 22. bxa5 Qxa5 23. Bxc7 Rc8 24. Qxe6 Nxh4 25. Bxb6+ Qxb6 26. Qe7+ Rc7 27.
Qxh4 f4 28. a5 Qc5 29. Qxf4 h4 30. Qd4 hxg3 31. fxg3 Ka6 32. Rf6+ Ka7 33. Raf1
Qxd4+ 34. cxd4 Rc2 35. R1f2 Rc1+ 36. Kg2 Ra1 37. Rf7+ Ka6 38. R2f6+ Kb5 39. Rf2
Rd8 40. Rd2 Ra3 41. Rf3 Rxa5 42. Rf5+ Ka6 43. Rxa5+ Kxa5 44. d5 Kb5 45. d6 Kc6
46. d7 Rxd7 47. Rxd7 Kxd7 48. Kh3 Ke7 49. Kh4 Kf7 50. Kg5 Kg7 51. g4 Kh8 52. Kg6
Kg8 53. g5 Kh8 54. Kf7 Kh7 55. g6+ Kh8 56. g7+ Kh7 57. g8=Q+ Kh6 58. Qg6# 1-0

[Event "chess.com SpeedChess Q1Sw"]
[Site "chess.com INT"]
[Date "2022.11.10"]
[Round "3"]
[White "Sreyas, Payyappat"]
[Black "Harshavardhan, G B"]
[Result "0-1"]
[WhiteTitle "FM"]
[BlackTitle "IM"]
[WhiteElo "2145"]
[BlackElo "2426"]
[WhiteFideId "46674969"]
[BlackFideId "25059009"]
[EventDate "2022.11.10"]

1. e4 e5 2. Nf3 Nc6 3. Bc4 Nf6 4. d4 exd4 5. e5 d5 6. Bb5 Nd7 7. O-O Be7 8. Bxc6
bxc6 9. Nxd4 Nb8 10. f4 c5 11. Nf3 Bf5 12. c3 O-O 13. Be3 c6 14. Nbd2 Nd7 15.
Nb3 a5 16. h3 a4 17. Nc1 f6 18. g4 fxe5 19. gxf5 e4 20. Ne5 Qc7 21. Qg4 Nxe5 22.
fxe5 Qxe5 23. Ne2 Rf7 24. Ng3 Bd6 25. Bf4 Qe7 26. Bxd6 Qxd6 27. Rad1 Qe5 28. Qf4
Qxf4 29. Rxf4 Rb8 30. Rf2 Rfb7 31. Rb1 e3 32. Re2 d4 33. Ne4 Rb5 34. c4 Rb4 35.
Nxc5 Rxc4 36. Ne6 d3 37. Rxe3 d2 38. Rf1 Rc1 39. Rd3 Rxb2 40. a3 Rbb1 41. Rd8+
Kf7 42. Rd7+ Kf6 43. Rxd2 Rxf1+ 44. Kg2 Rxf5 45. Nd4 Rg5+ 46. Kh2 c5 47. Rf2+
Kg6 48. Ne6 Re5 49. Rg2+ Kf6 50. Nxg7 Rbe1 51. h4 h5 52. Kh3 R1e3+ 53. Kh2 c4
54. Kh1 c3 55. Kh2 Kf7 56. Kh1 Re1+ 57. Kh2 R1e2 58. Nxh5 0-1